000 00532nam a2200181Ia 4500
008 151202s9999||||xx |||||||||||||| ||und||
082 _bPNVM-46070
100 _aफाटक पद्मजा.
245 _aबापलेकी.
260 _b"मौज प्रकाशन,मुंबई."
260 _c2004
300 _a418
600 _aफाटक पद्मजा.
630 _aबापलेकी.
700 _aफाटक पद्मजा.
730 _aबापलेकी.
942 _cBOOK
999 _c1312020
_d1312017